福島県の郡 - Statistics

General Stats
  • This quiz has been taken 11 times
  • The average score is 10 of 13
Answer Stats
郡名 属する町村 % Correct
相馬郡 新地町・飯舘村
100%
双葉郡 広野町・楢葉町・富岡町・川内村・大熊町・双葉町・浪江町・葛尾村
91%
田村郡 三春町・小野町
91%
西白河郡 西郷村・泉崎村・中島村・矢吹町
91%
東白川郡 棚倉町・矢祭町・塙町・鮫川村
82%
石川郡 石川町・玉川村・平田村・浅川町・古殿町
82%
南会津郡 下郷町・檜枝岐村・只見町・南会津町
82%
伊達郡 桑折町・国見町・川俣町
82%
河沼郡 会津坂下町・湯川村・柳津町
73%
耶麻郡 北塩原村・西会津町・磐梯町・猪苗代町
73%
大沼郡 三島町・金山町・昭和村・会津美里町
64%
安達郡 大玉村
64%
岩瀬郡 鏡石町・天栄村
45%
No matching quizzes found
Score Distribution
Percent of People with Each Score
Percentile by Number Answered
Your Score History
You have not taken this quiz